[Event "Campeonato del Mundo sub-18 Femenino"]
[Site "Kemer TUR"]
[Date "2009.11.15"]
[Round "4.23"]
[White "De Oliveira, Ana Paula"]
[Black "Jafari, Golnaz"]
[Result "1-0"]
[WhiteElo "1786"]
[BlackElo "1999"]
[PlyCount "39"]
[EventDate "2009.11.11"]
[EventType "swiss"]
[EventRounds "11"]
[EventCountry "TUR"]
[Source "lmi"]
[SourceDate "2009.11.11"]

1. Nf3 Nf6 2. g3 g6 3. Bg2 Bg7 4. O-O O-O 5. c4 d6 6. d3 e5 7. Nc3 Nc6 8. Bd2
h6 9. a3 Be6 10. Rb1 d5 11. cxd5 Nxd5 12. Ne4 Kh7 13. Qc2 f5 14. Neg5+ hxg5 15.
Nxg5+ Kh8 16. Nxe6 Nd4 17. Nxd8 Nxc2 18. Ne6 Rf6 19. Bxd5 c6 20. Bb3 1-0

[Event "Campeonato del Mundo sub-18 Femenino"]
[Site "Kemer TUR"]
[Date "2009.11.15"]
[Round "4.24"]
[White "Mnatsakanyan, Diana"]
[Black "Ursu, Ana-Maria"]
[Result "0-1"]
[WhiteElo "1973"]
[BlackElo "1876"]
[PlyCount "128"]
[EventDate "2009.11.11"]
[EventType "swiss"]
[EventRounds "11"]
[EventCountry "TUR"]
[Source "lmi"]
[SourceDate "2009.11.11"]

1. e4 e6 2. d4 d5 3. Nc3 Nf6 4. Bg5 Bb4 5. exd5 Qxd5 6. Bxf6 Bxc3+ 7. bxc3 gxf6
8. Nf3 Nd7 9. g3 Nb6 10. Qd3 Bd7 11. Be2 Bc6 12. Kd2 O-O-O 13. Rhb1 Qa5 14. Kd1
Na4 15. Rb3 Nc5 16. Qe3 Nxb3 17. cxb3 Qd5 18. Kc2 Qe4+ 19. Qxe4 Bxe4+ 20. Kb2
Rd5 21. Nd2 Bg6 22. Bf3 Rd7 23. h4 h5 24. Ne4 Bxe4 25. Bxe4 f5 26. Bf3 c5 27.
Rd1 cxd4 28. cxd4 Kc7 29. Kc3 Kd6 30. Kd3 Rc7 31. Rd2 Ke7 32. Ke3 Rc3+ 33. Kf4
b6 34. Be2 Kf6 35. Bc4 Rg8 36. Be2 Rh8 37. Bd3 Rd8 38. Ke3 Rd5 39. f4 Rd8 40.
Re2 Rc1 41. Rg2 Ra1 42. Bc4 Re1+ 43. Be2 Kg6 44. Kd2 Ra1 45. Ke3 Rc1 46. Bc4
Re1+ 47. Re2 Rxe2+ 48. Kxe2 Kf6 49. Ke3 Rg8 50. Kf2 a5 51. Be2 Rc8 52. Bc4 b5
53. Bxb5 Rc2+ 54. Ke3 Rxa2 55. Be2 Rb2 56. Bd1 Rg2 57. Bxh5 Rxg3+ 58. Bf3 Rg1
59. d5 Rb1 60. d6 Rxb3+ 61. Ke2 Rb6 62. d7 Ke7 63. Ke3 Rb3+ 64. Kf2 Kxd7 0-1

[Event "Campeonato del Mundo sub-18 Femenino"]
[Site "Kemer TUR"]
[Date "2009.11.15"]
[Round "4.27"]
[White "Oliver, Tamzin"]
[Black "Finnbogadottir, Tinna"]
[Result "1-0"]
[WhiteElo "1777"]
[BlackElo "1710"]
[PlyCount "61"]
[EventDate "2009.11.11"]
[EventType "swiss"]
[EventRounds "11"]
[EventCountry "TUR"]
[Source "lmi"]
[SourceDate "2009.11.11"]

1. e4 c5 2. Nc3 g6 3. f4 Bg7 4. Nf3 Nc6 5. Bc4 e6 6. d3 Nge7 7. O-O O-O 8. Qe1
d5 9. Bb3 Nd4 10. Nxd4 cxd4 11. Ne2 dxe4 12. dxe4 b5 13. Kh1 a5 14. a4 b4 15.
Ng1 Bb7 16. Bc4 Rc8 17. Bd3 Qb6 18. Nf3 b3 19. cxb3 Qxb3 20. Ra3 Qb6 21. Ne5
Rc7 22. Nc4 Qa7 23. Qxa5 Ba6 24. Qb6 Qxb6 25. Nxb6 Bxd3 26. Rxd3 Rb8 27. a5 Rc6
28. Bd2 Rc7 29. b4 Bf8 30. Rb3 d3 31. Rc1 1-0

[Event "Campeonato del Mundo sub-18 Femenino"]
[Site "Kemer TUR"]
[Date "2009.11.15"]
[Round "4.28"]
[White "Hadziselimovic, Maja"]
[Black "Ibragimova, Iroda"]
[Result "0-1"]
[WhiteElo "1681"]
[BlackElo "1917"]
[PlyCount "92"]
[EventDate "2009.11.11"]
[EventType "swiss"]
[EventRounds "11"]
[EventCountry "TUR"]
[Source "lmi"]
[SourceDate "2009.11.11"]

1. e4 e6 2. d4 d5 3. e5 c5 4. Nf3 Qb6 5. Nc3 Nc6 6. Bb5 Bd7 7. Bxc6 bxc6 8. O-O
cxd4 9. Nxd4 c5 10. Nb3 Ne7 11. Re1 Nf5 12. a4 a5 13. Nd2 Be7 14. b3 O-O 15.
Nf3 Rac8 16. Ba3 Rc7 17. Rb1 Rb8 18. Qd2 Be8 19. Qf4 Qa7 20. g4 Nd4 21. Nxd4
cxd4 22. Bxe7 Rxe7 23. Ne2 Rb4 24. Qg3 Rc7 25. c3 dxc3 26. Nxc3 Qd4 27. Na2 Rb8
28. Red1 Qe4 29. Nc3 Qc2 30. Rdc1 Qd2 31. Qe3 Qxe3 32. fxe3 Rcb7 33. Kf2 Kf8
34. Kf3 Rxb3 35. Rxb3 Rxb3 36. h4 Ke7 37. g5 Rb4 38. Kg3 Rc4 39. h5 Bxa4 40.
Kf3 Bb3 41. Ke2 a4 42. Kd3 Rh4 43. Nb5 Bc4+ 44. Rxc4 Rxc4 45. Nd6 a3 46. Nxc4
dxc4+ 0-1

[Event "Campeonato del Mundo sub-18 Femenino"]
[Site "Kemer TUR"]
[Date "2009.11.15"]
[Round "4.29"]
[White "Hamza, Amira"]
[Black "Lokunarangoda, Jalashi Changa M"]
[Result "1-0"]
[WhiteElo "1883"]
[BlackElo "1576"]
[PlyCount "103"]
[EventDate "2009.11.11"]
[EventType "swiss"]
[EventRounds "11"]
[EventCountry "TUR"]
[Source "lmi"]
[SourceDate "2009.11.11"]

1. d4 Nf6 2. Nf3 e6 3. Bg5 Be7 4. e3 b6 5. Bd3 Bb7 6. O-O d5 7. Nbd2 Nbd7 8. c4
c5 9. Rc1 O-O 10. cxd5 Nxd5 11. Bxe7 Nxe7 12. Ne4 cxd4 13. Nxd4 Ne5 14. Bb1
N5c6 15. Nxc6 Bxc6 16. Qh5 h6 17. Rfd1 Qc7 18. b4 a6 19. a4 Qa7 20. a5 b5 21.
Rd6 Rac8 22. Qd1 Qa8 23. f3 Rfd8 24. Rxd8+ Rxd8 25. Qc2 g6 26. Qc5 Qb7 27. Nf6+
Kg7 28. Qc3 Kf8 29. Ng4 Ng8 30. Qh8 Ke7 31. Nxh6 Nxh6 32. Qxh6 Rd2 33. Qg5+ Ke8
34. Qc5 Kd7 35. Qc3 Rd6 36. h4 Ke7 37. Qc5 Kd7 38. e4 Qc7 39. h5 gxh5 40. Qxh5
Ke7 41. Qc5 Ke8 42. Qe3 Qd7 43. Kh2 Qc7 44. e5 Rd8 45. Qc5 Rc8 46. Be4 Kd7 47.
Qd4+ Ke7 48. Rxc6 Rh8+ 49. Kg1 Qb8 50. Qc5+ Kd8 51. Rd6+ Ke8 52. Bc6+ 1-0

[Event "Campeonato del Mundo sub-18 Femenino"]
[Site "Kemer TUR"]
[Date "2009.11.16"]
[Round "6.1"]
[White "Eric, Jovana"]
[Black "Savina, Anastasia"]
[Result "0-1"]
[WhiteElo "2163"]
[BlackElo "2401"]
[PlyCount "68"]
[EventDate "2009.11.11"]
[EventType "swiss"]
[EventRounds "11"]
[EventCountry "TUR"]
[Source "lmi"]
[SourceDate "2009.11.11"]

1. e4 c5 2. Nf3 Nc6 3. Nc3 e5 4. Bc4 Be7 5. d3 d6 6. O-O Nf6 7. Bg5 O-O 8. Bxf6
Bxf6 9. Nd5 g6 10. a4 Bg7 11. c3 Kh8 12. b4 cxb4 13. Nxb4 f5 14. Nd5 Na5 15.
Nd2 Nxc4 16. Nxc4 Be6 17. Rb1 Rc8 18. Qb3 fxe4 19. dxe4 Bxd5 20. exd5 e4 21.
Qb4 Rc5 22. Ne3 b6 23. Qxe4 Rxc3 24. Rbc1 Rxc1 25. Rxc1 Qf6 26. Rf1 Qf4 27. Qe7
Bd4 28. Qe6 Bxe3 29. Qxe3 Qxe3 30. fxe3 Rxf1+ 31. Kxf1 Kg7 32. Ke2 Kf6 33. Kd3
Ke5 34. Kc4 a6 0-1

[Event "Campeonato del Mundo sub-18 Femenino"]
[Site "Kemer TUR"]
[Date "2009.11.16"]
[Round "6.2"]
[White "Girya, Olga"]
[Black "Korchagina, Victoria"]
[Result "1-0"]
[WhiteElo "2340"]
[BlackElo "2150"]
[PlyCount "105"]
[EventDate "2009.11.11"]
[EventType "swiss"]
[EventRounds "11"]
[EventCountry "TUR"]
[Source "lmi"]
[SourceDate "2009.11.11"]

1. Nf3 Nf6 2. g3 g6 3. b3 Bg7 4. Bb2 O-O 5. Bg2 d6 6. d4 Nbd7 7. O-O e5 8. dxe5
Ng4 9. c4 Ngxe5 10. Nxe5 Nxe5 11. Nc3 Re8 12. Qd2 a5 13. Rad1 a4 14. c5 axb3
15. axb3 Be6 16. Qc2 Qe7 17. cxd6 cxd6 18. Ra1 Rxa1 19. Rxa1 Nc6 20. Nb5 Nb4
21. Qd2 Bxb2 22. Qxb2 Bg4 23. e3 Rc8 24. Qd4 Qe5 25. Nxd6 Qxd4 26. exd4 Rd8 27.
Ra4 Rxd6 28. Rxb4 b6 29. d5 Bd1 30. Kf1 Kg7 31. Ke1 Bc2 32. Kd2 Bf5 33. Kc3 Kf6
34. Rc4 Bd7 35. Kd4 Bb5 36. Rc3 Ke7 37. Ke5 f6+ 38. Kd4 Rd8 39. Bh3 Kd6 40. Be6
Ra8 41. Rf3 f5 42. g4 fxg4 43. Rf6 Ra3 44. Bxg4+ Kc7 45. d6+ Kc6 46. d7+ Kc7
47. Rf8 Bxd7 48. Rf7 Rxb3 49. Bxd7 Kd6 50. Bc8 b5 51. Rd7+ Kc6 52. Rxh7 Rb4+
53. Ke5 1-0

[Event "Campeonato del Mundo sub-18 Femenino"]
[Site "Kemer TUR"]
[Date "2009.11.16"]
[Round "6.3"]
[White "Gvilava, Maya"]
[Black "Warakomska, Anna"]
[Result "0-1"]
[WhiteElo "2061"]
[BlackElo "2189"]
[PlyCount "97"]
[EventDate "2009.11.11"]
[EventType "swiss"]
[EventRounds "11"]
[EventCountry "TUR"]
[Source "lmi"]
[SourceDate "2009.11.11"]

1. e4 c5 2. Nf3 e6 3. d4 cxd4 4. Nxd4 a6 5. Nc3 Qc7 6. Bd3 Nf6 7. O-O Bc5 8.
Nb3 Be7 9. a4 b6 10. f4 d6 11. Qe1 Nc6 12. Qg3 O-O 13. Be3 Bb7 14. f5 exf5 15.
Rxf5 Ne5 16. Raf1 Kh8 17. Bd4 Rg8 18. h3 Rae8 19. Nd2 Bd8 20. Bxe5 Rxe5 21.
Rxe5 dxe5 22. Rf5 g6 23. Rf1 Nh5 24. Qf2 Nf4 25. Bc4 Be7 26. Kh1 Rf8 27. Nd5
Nxd5 28. Bxd5 Bxd5 29. exd5 Qxc2 30. d6 Bg5 31. Nf3 Qxf2 32. Rxf2 Bf4 33. Re2
f6 34. Nd2 Rd8 35. Ne4 f5 36. g3 fxe4 37. gxf4 exf4 38. Rxe4 Rxd6 39. Rxf4 Rd1+
40. Kg2 Rd2+ 41. Rf2 Rxf2+ 42. Kxf2 Kg7 43. Ke3 Kf6 44. Kd4 Ke6 45. b4 Kd6 46.
Ke4 h6 47. Kd4 g5 48. Ke4 h5 49. Kd4 0-1

[Event "Campeonato del Mundo sub-18 Femenino"]
[Site "Kemer TUR"]
[Date "2009.11.16"]
[Round "6.4"]
[White "Motycakova, Monika"]
[Black "Ozturk, Kubra"]
[Result "0-1"]
[WhiteElo "2038"]
[BlackElo "2177"]
[PlyCount "86"]
[EventDate "2009.11.11"]
[EventType "swiss"]
[EventRounds "11"]
[EventCountry "TUR"]
[Source "lmi"]
[SourceDate "2009.11.11"]

1. e4 e5 2. Nf3 Nc6 3. Bb5 a6 4. Ba4 Nf6 5. O-O b5 6. Bb3 Bb7 7. d3 Be7 8. Re1
O-O 9. Nbd2 h6 10. Nf1 Re8 11. Ne3 Bf8 12. a3 g6 13. h3 Bg7 14. Nh2 Nd4 15. Ba2
d5 16. f3 h5 17. Nhf1 c5 18. Ng3 Ne6 19. Ne2 Rc8 20. c4 dxe4 21. dxe4 Nd4 22.
b4 Qb6 23. Bd2 Red8 24. Nxd4 exd4 25. bxc5 Qxc5 26. Nd5 bxc4 27. Bb4 Qa7 28.
Ne7+ Kh7 29. Nxc8 Rxc8 30. Rb1 Nd7 31. Rc1 Ne5 32. Bb1 a5 33. Qa4 c3 34. f4 Nc4
35. Ba2 Nb2 36. Qxa5 Qxa5 37. Bxa5 Nd3 38. Bxf7 Nxc1 39. Rxc1 Bxe4 40. Be6 Rc5
41. Bb4 Rc6 42. Bb3 d3 43. Rd1 c2 0-1

[Event "Campeonato del Mundo sub-18 Femenino"]
[Site "Kemer TUR"]
[Date "2009.11.16"]
[Round "6.5"]
[White "Havlikova, Kristyna"]
[Black "Guramishvili, Sopiko"]
[Result "0-1"]
[WhiteElo "2185"]
[BlackElo "2327"]
[PlyCount "68"]
[EventDate "2009.11.11"]
[EventType "swiss"]
[EventRounds "11"]
[EventCountry "TUR"]
[Source "lmi"]
[SourceDate "2009.11.11"]

1. e4 c5 2. Nf3 d6 3. d4 cxd4 4. Nxd4 Nf6 5. Nc3 a6 6. Bc4 e6 7. Bb3 b5 8. O-O
Be7 9. Qf3 Qc7 10. Re1 Nc6 11. Nxc6 Qxc6 12. Qg3 Bb7 13. Qxg7 Rg8 14. Qh6 O-O-O
15. f3 b4 16. Nd1 d5 17. e5 Nd7 18. Bf4 Nf8 19. Qh5 d4 20. Kh1 Ng6 21. Bg3 a5
22. a3 a4 23. Ba2 Qxc2 24. Ne3 Qxb2 25. Nc4 Qxg2+ 26. Kxg2 Nf4+ 27. Kf2 Nxh5
28. axb4 Bxb4 29. Rec1 Bc3 30. Rab1 Bc6 31. Na5 Kc7 32. Nxc6 Kxc6 33. Rb4 a3
34. Ra4 Kc5 0-1

[Event "Campeonato del Mundo sub-18 Femenino"]
[Site "Kemer TUR"]
[Date "2009.11.16"]
[Round "6.6"]
[White "Bakhtiyarly, Aysel Anvar Qizi"]
[Black "Pavlidou, Ekaterini"]
[Result "0-1"]
[WhiteElo "2042"]
[BlackElo "2128"]
[PlyCount "20"]
[EventDate "2009.11.11"]
[EventType "swiss"]
[EventRounds "11"]
[EventCountry "TUR"]
[Source "lmi"]
[SourceDate "2009.11.11"]

1. e4 c5 2. Nf3 e6 3. d3 Nc6 4. Nbd2 d6 5. g3 g6 6. Bg2 Bg7 7. O-O Nge7 8. Re1
O-O 9. c3 e5 10. Nf1 f5 0-1

[Event "Campeonato del Mundo sub-18 Femenino"]
[Site "Kemer TUR"]
[Date "2009.11.16"]
[Round "6.7"]
[White "Vojinovic, Jovana"]
[Black "Pon Namasivayam, Krithikha"]
[Result "1/2-1/2"]
[WhiteElo "2319"]
[BlackElo "2196"]
[PlyCount "26"]
[EventDate "2009.11.11"]
[EventType "swiss"]
[EventRounds "11"]
[EventCountry "TUR"]
[Source "lmi"]
[SourceDate "2009.11.11"]

1. Nf3 d5 2. c4 e6 3. g3 f5 4. Bg2 c6 5. O-O Nf6 6. d3 dxc4 7. dxc4 Qxd1 8.
Rxd1 Bc5 9. b3 Nbd7 10. Bb2 O-O 11. h3 Re8 12. Be5 Ne4 13. e3 Ndf6 1/2-1/2

[Event "Campeonato del Mundo sub-18 Femenino"]
[Site "Kemer TUR"]
[Date "2009.11.16"]
[Round "6.8"]
[White "Tsatsalashvili, Keti"]
[Black "Agrest, Inna"]
[Result "1/2-1/2"]
[WhiteElo "2288"]
[BlackElo "2180"]
[PlyCount "44"]
[EventDate "2009.11.11"]
[EventType "swiss"]
[EventRounds "11"]
[EventCountry "TUR"]
[Source "lmi"]
[SourceDate "2009.11.11"]

1. d4 Nf6 2. c4 g6 3. Nc3 Bg7 4. e4 d6 5. Nf3 O-O 6. Be2 Nbd7 7. O-O e5 8. Be3
Re8 9. d5 Nh5 10. g3 Bf8 11. Ne1 Ng7 12. Nd3 Be7 13. Qd2 f5 14. exf5 Nxf5 15.
Ne4 Nxe3 16. fxe3 Nf6 17. Nxf6+ Bxf6 18. Nf2 e4 19. Bg4 Bg7 20. Bh3 Qe7 21.
Rab1 Rf8 22. Bg2 Bf5 1/2-1/2

[Event "Campeonato del Mundo sub-18 Femenino"]
[Site "Kemer TUR"]
[Date "2009.11.16"]
[Round "6.9"]
[White "Bhakti Pradip, Kulkarni"]
[Black "Marshall, Abby"]
[Result "1-0"]
[WhiteElo "2263"]
[BlackElo "2176"]
[PlyCount "65"]
[EventDate "2009.11.11"]
[EventType "swiss"]
[EventRounds "11"]
[EventCountry "TUR"]
[Source "lmi"]
[SourceDate "2009.11.11"]

1. d4 d5 2. c4 Nc6 3. Nf3 Bg4 4. e3 e6 5. a3 Nf6 6. Nbd2 Bd6 7. Be2 O-O 8. b4
a6 9. O-O Ne4 10. Nxe4 dxe4 11. Nd2 Bxe2 12. Qxe2 f5 13. f3 exf3 14. Nxf3 e5
15. c5 e4 16. Qc4+ Kh8 17. cxd6 exf3 18. dxc7 Qh4 19. gxf3 Rac8 20. Qc3 Rf6 21.
Ra2 Qh3 22. Rg2 Ne7 23. d5 Ng6 24. Bb2 Qh6 25. Qc5 b6 26. Qc3 Nh4 27. d6 Nxg2
28. d7 Rcf8 29. Kxg2 Rg6+ 30. Kh1 Qg5 31. Qd2 Qe7 32. d8=Q Qf7 33. c8=Q 1-0

[Event "Campeonato del Mundo sub-18 Femenino"]
[Site "Kemer TUR"]
[Date "2009.11.16"]
[Round "6.10"]
[White "Brunello, Marina"]
[Black "Repina, Varvara"]
[Result "1-0"]
[WhiteElo "2158"]
[BlackElo "2258"]
[PlyCount "69"]
[EventDate "2009.11.11"]
[EventType "swiss"]
[EventRounds "11"]
[EventCountry "TUR"]
[Source "lmi"]
[SourceDate "2009.11.11"]

1. e4 e5 2. Nf3 Nc6 3. d4 exd4 4. Nxd4 Bc5 5. Be3 Qf6 6. c3 Qg6 7. Qe2 Nf6 8.
Nxc6 Bxe3 9. Ne5 Bxf2+ 10. Qxf2 Qxe4+ 11. Qe2 O-O 12. Qxe4 Nxe4 13. Be2 Re8 14.
Nf3 d5 15. O-O Bd7 16. Bd3 f5 17. Nbd2 c5 18. Rad1 Bc6 19. Rfe1 g6 20. Bc2 a5
21. a4 Kg7 22. Nf1 f4 23. N1d2 Kf6 24. c4 Nxd2 25. Nxd2 Re3 26. cxd5 Bxd5 27.
Ne4+ Ke5 28. Nc3 Bc6 29. Rxe3+ fxe3 30. Rd3 Kf4 31. Ne2+ Kg4 32. Rxe3 Rd8 33.
Nc3 b6 34. Be4 Bxe4 35. Rxe4+ 1-0

[Event "Campeonato del Mundo sub-18 Femenino"]
[Site "Kemer TUR"]
[Date "2009.11.16"]
[Round "6.11"]
[White "Kulon, Klaudia"]
[Black "Richard, Emma"]
[Result "0-1"]
[WhiteElo "2233"]
[BlackElo "2135"]
[PlyCount "72"]
[EventDate "2009.11.11"]
[EventType "swiss"]
[EventRounds "11"]
[EventCountry "TUR"]
[Source "lmi"]
[SourceDate "2009.11.11"]

1. c4 e5 2. Nc3 Nf6 3. g3 Nc6 4. Bg2 Bb4 5. Nd5 Bc5 6. a3 a5 7. e3 O-O 8. Ne2
Nxd5 9. cxd5 Ne7 10. d4 exd4 11. exd4 Bd6 12. O-O b6 13. Nc3 Bb7 14. Re1 Nf5
15. Qg4 Ne7 16. Bd2 Ng6 17. Be4 f5 18. Bxf5 Qf6 19. Bxg6 Qxf2+ 20. Kh1 hxg6 21.
Re2 Qf7 22. Kg1 Ba6 23. Kg2 Bxe2 24. Qxe2 Rae8 25. Qf1 b5 26. Qxf7+ Rxf7 27.
Re1 Rxe1 28. Bxe1 b4 29. Nb5 bxa3 30. bxa3 a4 31. Ba5 Rf8 32. Nxd6 cxd6 33. Bb4
Rf6 34. Bd2 Rf5 35. Bc3 Rxd5 36. Kf3 Kf7 0-1

[Event "Campeonato del Mundo sub-18 Femenino"]
[Site "Kemer TUR"]
[Date "2009.11.16"]
[Round "6.12"]
[White "Dudas, Eszter"]
[Black "Semenova, Elena"]
[Result "1-0"]
[WhiteElo "2147"]
[BlackElo "2233"]
[PlyCount "36"]
[EventDate "2009.11.11"]
[EventType "swiss"]
[EventRounds "11"]
[EventCountry "TUR"]
[Source "lmi"]
[SourceDate "2009.11.11"]

1. e4 e5 2. Nf3 Nc6 3. Bb5 a6 4. Ba4 Nf6 5. O-O Be7 6. Re1 b5 7. Bb3 d6 8. c3
Na5 9. Bc2 c5 10. h3 O-O 11. d4 Qc7 12. Nbd2 Rd8 13. d5 c4 14. Nf1 Nb7 15. N3h2
g6 16. f4 a5 17. Nf3 Bd7 18. fxe5 dxe5 1-0

[Event "Campeonato del Mundo sub-18 Femenino"]
[Site "Kemer TUR"]
[Date "2009.11.16"]
[Round "6.13"]
[White "Ziaziulkina, Nastassia"]
[Black "Mammadova, Gulnar"]
[Result "0-1"]
[WhiteElo "2128"]
[BlackElo "2202"]
[PlyCount "84"]
[EventDate "2009.11.11"]
[EventType "swiss"]
[EventRounds "11"]
[EventCountry "TUR"]
[Source "lmi"]
[SourceDate "2009.11.11"]

1. e4 d6 2. d4 g6 3. Nc3 Bg7 4. Nge2 Nf6 5. g3 O-O 6. Bg2 c6 7. a4 Qc7 8. O-O
e5 9. h3 Re8 10. Be3 Nbd7 11. f4 exf4 12. gxf4 Nxe4 13. Nxe4 d5 14. f5 dxe4 15.
Bg5 Qd6 16. Qd2 Nf6 17. fxg6 hxg6 18. Bf4 Qd8 19. Bg5 Qd6 20. Bf4 Qd5 21. Rad1
Bf5 22. Ng3 Nh5 23. Nxh5 gxh5 24. Bh6 Bg6 25. Bxg7 Kxg7 26. Qf4 Qe6 27. Rde1
Rad8 28. c3 Rd5 29. Qg3 Qd6 30. Qh4 Qe7 31. Qf2 e3 32. Qe2 Rg5 33. Rf3 Be4 34.
Rxe3 f5 35. Qd2 Qf6 36. R3e2 Qg6 37. Rf1 Kh7 38. Kh1 Rg8 39. Rff2 Rg3 40. Kh2
Rxh3+ 41. Kg1 Rg3 42. Kf1 Bd3 0-1

[Event "Campeonato del Mundo sub-18 Femenino"]
[Site "Kemer TUR"]
[Date "2009.11.16"]
[Round "6.14"]
[White "Hannes, Diana"]
[Black "Nakhbayeva, Guliskhan"]
[Result "0-1"]
[WhiteElo "2125"]
[BlackElo "2201"]
[PlyCount "66"]
[EventDate "2009.11.11"]
[EventType "swiss"]
[EventRounds "11"]
[EventCountry "TUR"]
[Source "lmi"]
[SourceDate "2009.11.11"]

1. e4 c5 2. Nf3 d6 3. Bb5+ Bd7 4. Bxd7+ Qxd7 5. c4 Nc6 6. d4 cxd4 7. Nxd4 Nf6
8. Nc3 g6 9. f3 Bg7 10. Nde2 O-O 11. O-O a6 12. a4 Rfc8 13. b3 Qc7 14. Be3 Re8
15. Rb1 Rad8 16. Nd5 Qb8 17. Bg5 Nd7 18. Qd2 Rc8 19. Ndc3 Nc5 20. Rfd1 b6 21.
h4 Na5 22. Qc2 Ne6 23. Be3 Nc6 24. h5 gxh5 25. Ng3 d5 26. exd5 Qxg3 27. dxe6
fxe6 28. Bxb6 Be5 29. Ne2 Qh2+ 30. Kf1 Kh8 31. Ng1 Rg8 32. Qf2 h4 33. Nh3 Rcf8
0-1

[Event "Campeonato del Mundo sub-18 Femenino"]
[Site "Kemer TUR"]
[Date "2009.11.16"]
[Round "6.15"]
[White "Ni, Viktorija"]
[Black "Ursente, Maria-Eugenia"]
[Result "1-0"]
[WhiteElo "2181"]
[BlackElo "1968"]
[PlyCount "42"]
[EventDate "2009.11.11"]
[EventType "swiss"]
[EventRounds "11"]
[EventCountry "TUR"]
[Source "lmi"]
[SourceDate "2009.11.11"]

1. d4 c5 2. d5 Nf6 3. c4 b5 4. cxb5 a6 5. b6 Qxb6 6. Nc3 d6 7. a4 a5 8. e4 Ba6
9. Nb5 Nfd7 10. Nf3 g6 11. Nd2 Bg7 12. Nc4 Qd8 13. Be2 O-O 14. Bd2 Ne5 15. Be3
Bxb5 16. axb5 Nbd7 17. h4 h6 18. Bf3 Nxf3+ 19. Qxf3 a4 20. Rb1 Qc7 21. b6 Qb7
1-0

[Event "Campeonato del Mundo sub-18 Femenino"]
[Site "Kemer TUR"]
[Date "2009.11.16"]
[Round "6.16"]
[White "Iordanidou, Zoi"]
[Black "Aliaga Fernandez, Ingrid Yadyra"]
[Result "1/2-1/2"]
[WhiteElo "2060"]
[BlackElo "2146"]
[PlyCount "38"]
[EventDate "2009.11.11"]
[EventType "swiss"]
[EventRounds "11"]
[EventCountry "TUR"]
[Source "lmi"]
[SourceDate "2009.11.11"]

1. e4 c5 2. d3 Nc6 3. Nd2 g6 4. g3 Bg7 5. Bg2 d6 6. f4 e6 7. Ngf3 Nge7 8. O-O
O-O 9. c3 Nb8 10. g4 f5 11. gxf5 exf5 12. Ng5 Kh8 13. Qb3 Qe8 14. Nc4 Qd7 15.
Ne3 Ng8 16. Bd2 h6 17. Nh3 b5 18. Rae1 Bb7 19. Nd5 fxe4 1/2-1/2

[Event "Campeonato del Mundo sub-18 Femenino"]
[Site "Kemer TUR"]
[Date "2009.11.16"]
[Round "6.17"]
[White "Uuganbayar, Lkhamsuren"]
[Black "Deur, Zrinka"]
[Result "0-1"]
[WhiteElo "2136"]
[BlackElo "2089"]
[PlyCount "36"]
[EventDate "2009.11.11"]
[EventType "swiss"]
[EventRounds "11"]
[EventCountry "TUR"]
[Source "lmi"]
[SourceDate "2009.11.11"]

1. e4 c5 2. Nf3 Nc6 3. d4 cxd4 4. Nxd4 Nf6 5. Nc3 e5 6. Ndb5 d6 7. Bg5 a6 8.
Na3 b5 9. Bxf6 gxf6 10. Nd5 Bg7 11. Bd3 Be6 12. c4 bxc4 13. Nxc4 O-O 14. Qh5 h6
15. O-O f5 16. Ncb6 Ra7 17. Bc4 fxe4 18. Rac1 f5 0-1

[Event "Campeonato del Mundo sub-18 Femenino"]
[Site "Kemer TUR"]
[Date "2009.11.16"]
[Round "6.18"]
[White "Barbier, Wiebke"]
[Black "Guadamuro Torrente, Anabel"]
[Result "0-1"]
[WhiteElo "1911"]
[BlackElo "2116"]
[PlyCount "41"]
[EventDate "2009.11.11"]
[EventType "swiss"]
[EventRounds "11"]
[EventCountry "TUR"]
[Source "lmi"]
[SourceDate "2009.11.11"]

1. e4 e5 2. Nf3 Nc6 3. d3 Nf6 4. c3 d5 5. Qc2 dxe4 6. dxe4 a6 7. b4 Bg4 8. Be2
g6 9. O-O Bg7 10. Be3 O-O 11. Nbd2 Nh5 12. h3 Bxf3 13. Bxf3 Nf4 14. Rfd1 Qf6
15. a4 Nd8 16. Kh2 Qh4 17. Nb3 Nde6 18. Bg4 h5 19. g3 Qf6 20. Bxe6 Nxe6 21. h4
0-1

[Event "Campeonato del Mundo sub-18 Femenino"]
[Site "Kemer TUR"]
[Date "2009.11.16"]
[Round "6.19"]
[White "Labedz, Patrycja"]
[Black "Ibragimova, Iroda"]
[Result "0-1"]
[WhiteElo "2115"]
[BlackElo "1917"]
[PlyCount "46"]
[EventDate "2009.11.11"]
[EventType "swiss"]
[EventRounds "11"]
[EventCountry "TUR"]
[Source "lmi"]
[SourceDate "2009.11.11"]

1. e4 e6 2. d4 d5 3. Nc3 Bb4 4. e5 c5 5. a3 Bxc3+ 6. bxc3 Qc7 7. Nf3 Bd7 8. h4
h5 9. Be2 Ba4 10. Bd3 Ne7 11. O-O Nbc6 12. Re1 Rc8 13. Ng5 cxd4 14. Nf3 Nd8 15.
cxd4 Bxc2 16. Bxc2 Qxc2 17. Qxc2 Rxc2 18. Be3 Ndc6 19. Rab1 b6 20. Rec1 Rxc1+
21. Rxc1 O-O 22. Rb1 f6 23. exf6 Rxf6 0-1

[Event "Campeonato del Mundo sub-18 Femenino"]
[Site "Kemer TUR"]
[Date "2009.11.16"]
[Round "6.20"]
[White "Hamza, Amira"]
[Black "Laurusaite, Brigita"]
[Result "1-0"]
[WhiteElo "1883"]
[BlackElo "2057"]
[PlyCount "106"]
[EventDate "2009.11.11"]
[EventType "swiss"]
[EventRounds "11"]
[EventCountry "TUR"]
[Source "lmi"]
[SourceDate "2009.11.11"]

1. d4 d5 2. Nf3 e6 3. c4 dxc4 4. Nc3 a6 5. e3 Nf6 6. Bxc4 c5 7. O-O Qc7 8. Be2
Nc6 9. dxc5 Bxc5 10. a3 Be7 11. b4 Nxb4 12. axb4 Qxc3 13. Bd2 Qc7 14. Qb3 O-O
15. Rfc1 Qd8 16. Be1 Nd5 17. Rd1 Bf6 18. Rac1 Qb6 19. Bc4 Nc7 20. e4 Nb5 21.
Bxb5 Qxb5 22. Bc3 Bxc3 23. Qxc3 a5 24. bxa5 Qxa5 25. Qd4 Qa4 26. Rc4 Qe8 27. e5
b5 28. Rc7 Ra4 29. Qd3 h6 30. Qd6 Ba6 31. g3 Qa8 32. Nh4 Rc8 33. Ng6 Rxc7 34.
Qxc7 fxg6 35. Rd8+ Qxd8 36. Qxd8+ Kh7 37. Qd7 Rc4 38. Qxe6 Bb7 39. f4 Bc8 40.
Qd5 Rc1+ 41. Kf2 Rc2+ 42. Ke3 b4 43. e6 Ba6 44. f5 Rc3+ 45. Kf2 Bc4 46. Qe4
gxf5 47. Qxf5+ Kg8 48. e7 Bf7 49. Qe4 b3 50. e8=Q+ Bxe8 51. Qxe8+ Kh7 52. Qe4+
Kg8 53. Qb1 Kh8 1-0

[Event "Campeonato del Mundo sub-18 Femenino"]
[Site "Kemer TUR"]
[Date "2009.11.16"]
[Round "6.21"]
[White "Haug, Marianne Wold"]
[Black "Ursu, Ana-Maria"]
[Result "1-0"]
[WhiteElo "2005"]
[BlackElo "1876"]
[PlyCount "46"]
[EventDate "2009.11.11"]
[EventType "swiss"]
[EventRounds "11"]
[EventCountry "TUR"]
[Source "lmi"]
[SourceDate "2009.11.11"]

1. e4 e6 2. d4 d5 3. Nc3 Nf6 4. Bg5 Bb4 5. exd5 Qxd5 6. Nf3 Bxc3+ 7. bxc3 Nbd7
8. Bd3 Nb6 9. Qe2 Bd7 10. O-O Bc6 11. c4 Qa5 12. Ne5 Nfd7 13. Bd2 Qa4 14. Nxc6
Qxc6 15. c5 Nc8 16. Be4 Qa4 17. Bxb7 Rb8 18. Qa6 Qxa6 19. Bxa6 c6 20. Bf4 Ne7
21. Bxb8 Nxb8 22. Bc4 Nf5 23. c3 O-O 1-0